Statistics for All Tom Clancy's Rainbow Six Siege Maps

Click here to take the quiz!

General Stats

  • This quiz has been taken 160 times
  • The average score is 17 of 25

Answer Stats

ModeMaps% Correct
Quick Match, Ranked and Newcomer PlaylistOregon
89%
Quick Match PlaylistHouse
88%
Quick Match, Ranked and Newcomer PlaylistClubhouse
85%
Quick Match, Ranked and Newcomer PlaylistChalet
77%
Quick Match, Ranked and Newcomer PlaylistKafe Dostoyevsky
76%
Quick Match, Ranked, Newcomer and Deathmatch PlaylistCoastline
75%
Quick Match PlaylistTower
74%
Quick Match, Ranked and Deathmatch PlaylistEmerald Plains
73%
Quick Match PlaylistPresidential Plane
73%
Quick Match and Ranked PlaylistBank
72%
Quick Match and Ranked PlaylistBorder
72%
Quick Match, Ranked and Deathmatch PlaylistSkyscraper
72%
Quick Match, Ranked and Deathmatch PlaylistVilla
72%
Quick Match, Ranked and Deathmatch PlaylistTheme Park
71%
Quick Match and Ranked PlaylistConsulate
70%
Quick Match, Ranked and Newcomer PlaylistOutback
70%
Quick Match, Ranked and Deathmatch PlaylistFavela
68%
Quick Match and Ranked PlaylistKanal
67%
Quick Match, Ranked, Newcomer and Deathmatch PlaylistNighthaven Labs
65%
Quick Match, Ranked, Newcomer and Deathmatch PlaylistStadium
60%
Quick Match PlaylistHereford Base
58%
Quick Match PlaylistYacht
58%
Quick Match PlaylistFortress
54%
Removed MapBartlett University
53%
Deathmatch PlaylistClose Quarter
35%

Score Distribution

Percentile by Number Answered

Percent of People with Each Score

Your Score History

You have not taken this quiz